January 1st, 2023 - Statistics

General Stats
  • This quiz has been taken 10 times
  • The average score is 4 of 10
Answer Stats
Clue Answer % Correct
Australia and Canada say travelers from this nation need a negative Covid-19 Test to enter soon. China
90%
A person is inaugurated as president for the third time in what country? Brazil
50%
This nation becomes the 20th to join Eurozone, and joins the Schengen Area. Croatia
40%
Four civilians die in what disputed region? Jammu and Kashmir
40%
This country enacts a law to deal with a property bubble. Canada
30%
Fourteen people die in an attack on a prison in this country. ~30 inmates escape. Mexico
30%
Two soldiers are killed at what city's airport in an airstrike? Damascus
20%
A bombing occurred at an airport in this city. Kabul
20%
A stampede occurs in this city. Kampala
20%
What country's airspace is temporarily closed due to a power outage? Philippines
20%
No matching quizzes found
Score Distribution
Percent of People with Each Score
Percentile by Number Answered
Your Score History
You have not taken this quiz